Statistics for Indianapolis City-County Council Members

Click here to take the quiz!

General Stats

  • This quiz has been taken 3 times
  • The average score is 5 of 25

Answer Stats

PositionPartyName% Correct
Councilor (District 14)DemocraticLa Keisha Jackson
100%
Councilor (District 4)IndependentEthan Evans
67%
Councilor (District 22)DemocraticJared Evans
67%
Councilor (District 16)DemocraticKristin Jones
67%
President (District 11)DemocraticVop Osili
67%
Councilor (District 5)DemocraticAlison "Ali" Brown
33%
Councilor (District 1)DemocraticLeroy Robinson
33%
Minority Whip (District 23)RepublicanPaul Annee
33%
Minority Leader (District 25)RepublicanBrian Mowery
0%
Councilor (District 6)DemocraticCrista Carlino
0%
Councilor (District 3)DemocraticDan Boots
0%
Councilor (District 19)DemocraticDavid Ray
0%
Councilor (District 21)DemocraticFrank Mascari
0%
Councilor (District 12)DemocraticJason Larrison
0%
Councilor (District 15)DemocraticJessica McCormick
0%
Councilor (District 7)DemocraticJohn Barth
0%
Councilor (District 20)RepublicanJoshua "Josh" Bain
0%
Councilor (District 13)DemocraticKeith Graves
0%
Councilor (District 2)DemocraticKeith Potts
0%
Majority Leader (District 10)DemocraticMaggie A. Lewis
0%
Councilor (District 24)RepublicanMichael Dilk
0%
Councilor (District 18)RepublicanMichael-Paul Hart
0%
Councilor (District 8)DemocraticMonroe Gray Jr.
0%
Majority Whip (District 9)DemocraticWilliam "Duke" Oliver
0%
Vice-President (District 17)DemocraticZach Adamson
0%

Score Distribution

Percentile by Number Answered

Percent of People with Each Score

Your Score History

You have not taken this quiz